TV Show by Running Joke II Quiz Stats

 Plays Quiz Updated Jul 29, 2016

Challenge
Share
Tweet
Embed
Score 0/16 Timer 05:00
8 Plays Today
% Correct
Friends
98.8%
The Simpsons
98.8%
Cheers
90.4%
The Big Bang Theory
83.7%
Scrubs
80.1%
Star Trek
77.5%
Modern Family
75.7%
Unbreakable Kimmy Schmidt
75.5%
% Correct
Orange is the New Black
72.7%
Bob's Burgers
63.6%
Arrested Development
61.8%
Frasier
61.1%
Kenan & Kel
57%
Community
46.8%
Veep
45.8%
Silicon Valley
39.4%

You're not logged in!

Compare scores with friends on all Sporcle quizzes.
OR
Log In

You Might Also Like...

Show Comments

Extras

Top Quizzes Today


Score Distribution

Your Account Isn't Verified!

In order to create a playlist on Sporcle, you need to verify the email address you used during registration. Go to your Sporcle Settings to finish the process.

Report this User

Report this user for behavior that violates our Community Guidelines.

Details: